El viaje de Doble-P / (Registro nro. 9212)
[ vista simple ]
| 000 -LEADER | |
|---|---|
| fixed length control field | 01022nam a22002897a 4500 |
| 001 - CONTROL NUMBER | |
| control field | 24001 |
| 003 - CONTROL NUMBER IDENTIFIER | |
| control field | DO-SdBNP |
| 005 - DATE AND TIME OF LATEST TRANSACTION | |
| control field | 20180206092346.0 |
| 007 - PHYSICAL DESCRIPTION FIXED FIELD--GENERAL INFORMATION | |
| fixed length control field | 24001 |
| 008 - FIXED-LENGTH DATA ELEMENTS--GENERAL INFORMATION | |
| fixed length control field | 160314b 2008 sp ||||| |||| 00| 0 spa d |
| 020 ## - INTERNATIONAL STANDARD BOOK NUMBER | |
| International Standard Book Number | 9788483430163 |
| 040 ## - CATALOGING SOURCE | |
| Original cataloging agency | BPMSU |
| Language of cataloging | spa |
| Transcribing agency | BPMSU |
| 100 1# - MAIN ENTRY--PERSONAL NAME | |
| Personal name | Lalana, Fernando, |
| Dates associated with a name | 1958- |
| 245 10 - TITLE STATEMENT | |
| Title | El viaje de Doble-P / |
| Statement of responsibility, etc. | Fernando Lalana ; ilustraciones: Laura Ferracioli. |
| 250 ## - EDITION STATEMENT | |
| Edition statement | 3ª ed. |
| 260 ## - PUBLICATION, DISTRIBUTION, ETC. (IMPRINT) | |
| Place of publication, distribution, etc. | Barcelona : |
| Name of publisher, distributor, etc. | Bambú, |
| Date of publication, distribution, etc. | 2008. |
| 300 ## - PHYSICAL DESCRIPTION | |
| Extent | 174 p. : |
| Other physical details | il. ; |
| Dimensions | 22 cm. |
| 490 1# - SERIES STATEMENT | |
| Series statement | Jóvenes lectores / Bambú |
| Volume/sequential designation | :5 |
| 500 ## - GENERAL NOTE | |
| General note | Vigésimo sexta edición: noviembre de 2008, en la Editorial Casals, primera edición en Editorial Bambú. |
| 500 ## - GENERAL NOTE | |
| General note | Incluye datos biográficos de la autor. |
| 500 ## - GENERAL NOTE | |
| General note | Incluye datos biográficos del autor en la solapa de la contracubierta |
| 700 12 - ADDED ENTRY--PERSONAL NAME | |
| Personal name | Ferracioli, Laura, |
| Dates associated with a name | 1964- |
| Relator term | il. |
| 830 #0 - SERIES ADDED ENTRY--UNIFORM TITLE | |
| Uniform title | Jóvenes lectores / Bambú ; |
| Number of part/section of a work | 5 |
| 942 ## - ADDED ENTRY ELEMENTS (KOHA) | |
| Source of classification or shelving scheme | Dewey Decimal Classification |
| Koha item type | Libros |
| 945 ## - LOCAL PROCESSING INFORMATION (OCLC) | |
| a | Inventariado, 2018 /LP |
| 956 ## - LOCAL ELECTRONIC LOCATION AND ACCESS (OCLC) | |
| Host name | LOPEREZ |
| Access number | 10 |
| Compression information | 20160314 |
| Processor of request | BPMSU |
| Withdrawn status | Lost status | Source of classification or shelving scheme | Damaged status | Not for loan | Collection code | Home library | Current library | Date acquired | Source of acquisition | Total Checkouts | Barcode | Date last seen | Price effective from | Koha item type |
|---|---|---|---|---|---|---|---|---|---|---|---|---|---|---|
| Dewey Decimal Classification | Colección General | Biblioteca Pública Metropolitana Salomé Ureña | Biblioteca Pública Metropolitana Salomé Ureña | 03/14/2016 | Donado por FUNDI | BPMSU16030088 | 03/14/2016 | 03/14/2016 | Libros |